| 000 | 01375nam a2200217Ia 4500 | ||
|---|---|---|---|
| 003 | Ost | ||
| 005 | 20260507075021.0 | ||
| 008 | 260507s9999||||xx |||||||||||||| ||und|| | ||
| 040 | _cfsecg | ||
| 041 | _aara | ||
| 082 | _a332.1023 | ||
| 100 |
_aعلى، عبد المنعم السيد _eمؤلف |
||
| 245 | 0 |
_aإقتصاديات النقود والمصارف / _c عبد المنعم السيد على |
|
| 260 |
_aعمان: _bالأكاديمية للنشر, _c1999 |
||
| 300 |
_a522 صفحة؛ _bإيضاحات ؛ _c24 سم |
||
| 520 | _aطبيعة النقود وأساس قبولها العام- وظائف النقود-النقود والمصارف في الإقتصاد الرأسمالي-أهمية النقود في النظام الرأسمالي- النظام النقدي قواعده وعناصره- قيمة النقود والعوامل المؤثرةفيها-الجهاز المالي و أجهزة الوساطة المالية- دور الجهاز المصرفي التجاري في عرض النقد- الصيرفة المركزية- النظرية النقدية- السياسة النقدية في البلدان المتقدمة- النقود والمصارف والسياسة النقدية في البلدان النامية | ||
| 653 | _aالبنوك | ||
| 653 | _aالسياسة المالية | ||
| 653 | _aالنقود | ||
| 942 | _cكتاب | ||
| 999 |
_c42276 _d42276 |
||